000 00343cam a22001217a 4500
008 180718b1961 xxu||||| |||| 00| 0 eng d
082 _aT3103x54 K897
100 _aKrishnaswamy, M.
245 _aCompany law in India, 1961
_cby M. Krishnaswamy
260 _aMadras
_bEfficiency Aids
_c1961
300 _a675p.
650 _aCorporation law --India
999 _c369799
_d369799